000 00330 a2200157 4500
001 50118
040 _cAnchieta - Bela Vista
100 _aAnchietinha Itaigara
240 1 0 _aContos
_lpor
245 1 0 _aContos
300 _a35
362 0 _a2008
440 1 _aAnchietinha Itaigara
650 4 _aLiteratura juvenil
942 _cBK
999 _c50118
_d50118